Guía del Facilitador (a) : (Registro nro. 8866)

Detalles MARC
000 -CABECERA
Campo de control 01002nam a22002297a 4500
005 - FECHA Y HORA DE LA ULTIMA TRANSACCION
Campo de control 20141204152959.0
008 - ELEMENTOS DE LONGITUD FIJA—INFORMACION GENERAL
Campo de control 141204b2003 ck Il. |r|||| 00| 0 spa d
040 ## - FUENTE DE CATALOGACIÓN
Agencia transcriptora CO-BoIH
041 ## - IDIOMA
Código de idioma para texto/pista de sonido o título separado Español
044 ## - PAÍS DE PUBLICACIÓN
País de publicación Colombia
090 ## - CLASIFICACIÓN LOCAL
Colección EA
Consecutivo 00188
245 0# - MENCION DE TITULO
Título Guía del Facilitador (a) :
Parte restante del título Cartilla de educación en materia ambiental Cuenca del Río Tunjuelito
260 ## - PUBLICACION, DISTRIBUCION, ETC. (PIE DE IMPRENTA)
Lugar de publicación, distribución, etc. Bogotá D.C :
Nombre del editor, distribuidor, etc. Ministerio de Ambiente, Vivienda y Desarrollo Territorial,
-- Embajada Real de los Países Bajos,
Fecha de publicación, distribución, etc. 2003.
300 ## - DESCRIPCION FISICA
Extensión 51 pag
Otros detalles físicos Fot
Dimensiones 22 x 28 cm
504 ## - NOTA DE BIBLIOGRAFIA, ETC.
Nota de bibliografía Incluye referencias bibliográficas (pag 50-51)
650 #4 - ASIENTO SECUNDARIO DE MATERIA - TERMINO TEMATICO
Término temático o nombre geográfico como elemento de entrada Manejo de cuencas hidrográficas
Subdivisión geográfica Bogotá D.C (Dpt. Colombia)
650 ## - ASIENTO SECUNDARIO DE MATERIA - TERMINO TEMATICO
Término temático o nombre geográfico como elemento de entrada Política ambiental
Subdivisión geográfica Bogotá D.C (Dpt. Colombia)
650 ## - ASIENTO SECUNDARIO DE MATERIA - TERMINO TEMATICO
Término temático o nombre geográfico como elemento de entrada Desarrollo comunitario
Subdivisión geográfica Bogotá D.C (Dpt. Colombia)
650 ## - ASIENTO SECUNDARIO DE MATERIA - TERMINO TEMATICO
Término temático o nombre geográfico como elemento de entrada Gestión Ambiental
Subdivisión geográfica Bogotá D.C (Dpt. Colombia)
650 ## - ASIENTO SECUNDARIO DE MATERIA - TERMINO TEMATICO
Término temático o nombre geográfico como elemento de entrada Protección del Medio Ambiente
Subdivisión geográfica Bogotá D.C (Dpt. Colombia)
942 ## - ELEMENTOS ADICIONALES (KOHA)
Sistema de clasificación Local
Tipo de ítem Libro
Existencias
Withdrawn status Lost status Sistema de Clasificación Damaged status No para préstamo Colección Inventariado Ubicación Permanente Ubicación actual Fecha de adquisición Total Checkouts Número topográfico Inventario / Código de Barras Date last seen Ejemplar Price effective from Forma de adquisición Tipo de material
    Local     Educación Ambiental Inventariado 2017 Sala Fabio Quevedo Sala Fabio Quevedo 04/12/2014   EA-00188 034875 04/12/2014 Ej. 2 04/12/2014   Libro
    Local     Educación Ambiental Inventariado 2017 Sala Fabio Quevedo Sala Fabio Quevedo 04/12/2014   EA-00188 034874 04/12/2014 Ej. 1 04/12/2014   Libro